Statistics for Name the famous Belgian

Click here to take the quiz!

General Stats

  • This quiz has been taken 16 times
    (8 since last reset)
  • The average score is 5 of 17

Answer Stats

Answer% Correct
Tintin
86%
Eden Hazard
57%
Jean-Claude Van Damme
57%
Kevin De Bruyne
57%
King Leopold II
57%
Audrey Hepburn
43%
Stromae
43%
Georges Lemaître
29%
King Baudouin
29%
Charles Michel
14%
David Goffin
14%
Ingrid Daubechies
14%
Urbanus
14%
Amelie Nothomb
0%
Matthias Schoenaerts
0%
Peter Goossens
0%
Philippe de Selliers
0%

Score Distribution

Percentile by Number Answered

Percent of People with Each Score

Your Score History

You have not taken this quiz since the last reset